Aplikácia zváracieho robota FANUC ArcMate 120 iC/10L v malosériovej výrobe
Uložené v:
| Hlavný autor: | |
|---|---|
| Ďalší autori: | |
| Médium: | Rukopis Kniha |
| Jazyk: | Slovak |
| Vydavateľské údaje: |
Trnava :
STU v Bratislave MTF UIAM,
2014
|
| Predmet: | |
| On-line prístup: | VAIS |
| Tagy: |
Žiadne tagy, Buďte prvý, kto otaguje tento záznam!
|
MARC
| LEADER | 00000ntm a22000003a 4500 | ||
|---|---|---|---|
| 001 | stu291049 | ||
| 005 | 20150617230258.1 | ||
| 008 | 140611s2014----xo------------------slo-d | ||
| 040 | |a STU |b slo | ||
| 041 | 0 | |a slo | |
| 044 | |a xo | ||
| 100 | 1 | |a Berčík, Peter, |d 1987- |4 aut |u M6000 |U MTF Materiálovotechnologická fakulta |T MTF Ústav aplikovanej informatiky, automatizácie a matematiky |X 59859 |U M6000 |Y 86 |7 A000059859 | |
| 242 | 0 | 0 | |a Application of welding robot FANUC Arc Mate 120iC/10L in small series production |y eng |
| 245 | 1 | |a Aplikácia zváracieho robota FANUC ArcMate 120 iC/10L v malosériovej výrobe | |
| 260 | |a Trnava : |b STU v Bratislave MTF UIAM, |c 2014 | ||
| 300 | |a 77s |c CD | ||
| 650 | 7 | |a testovanie |2 stusub | |
| 650 | 7 | |a programovanie |2 stusub | |
| 700 | 1 | |a Mudrončík, Dušan, |d 1947- |4 ths |u M6000 |U MTF Materiálovotechnologická fakulta |T MTF Ústav aplikovanej informatiky, automatizácie a matematiky |X 505 |U M6000 |Y 86 |7 A000000505 | |
| 856 | 4 | |a info a plný text |u http://is.stuba.sk/zp/portal_zp.pl?podrobnosti=104326 |3 VAIS | |
| 996 | |c M*DP-11813 |l MMSKP |s P |a 0 |w stu291049_0001 | ||